LEADER 01359nam1 2200385 450 001 990003133900203316 005 20080730095435.0 035 $a000313390 035 $aUSA01000313390 035 $a(ALEPH)000313390USA01 035 $a000313390 100 $a20080730d--------km-y0itay50------ba 101 $afre 102 $aIT 105 $a||||||||001yy 200 1 $aMission archéologique française à Carthage 210 $aRoma$cÉcole française de Rome 215 $av.$d28 cm. 225 2 $aCollection de l'École française de Rome 300 $aIn testa al front.: Recherches d'archéologie africaine publiées par l'Institut national d'archéologie et d'art de Tunis 410 0$12001$aCollection de l'École française de Rome 454 1$12001 461 1$1001-------$12001 463 \1$1001990003133920203316$12001 $aByrsa 3.$erapport sur les campagnes de fouilles de 1977 à 1980$ela basilique orientale et ses abords 606 0 $aScavi archeologici$yCartagine 676 $a939.73 712 02$aInstitut national d' archéologie et d' art 801 0$aIT$bsalbc$gISBD 912 $a990003133900203316 951 $aS VII a 23/$bDLM$cS VII a 959 $aBK 969 $aDILAM 979 $aDILAM$b90$c20080730$lUSA01$h0954 996 $aMission archéologique française à Carthage$91016845 997 $aUNISA LEADER 01214nam0-2200349---450- 001 990009805980403321 005 20140310151334.0 010 $a978-88-568-4644-7 035 $a000980598 035 $aFED01000980598 035 $a(Aleph)000980598FED01 035 $a000980598 100 $a20140108d2012----km-y0itay50------ba 101 0 $aita 102 $aIT 105 $aa-------001yy 200 1 $a<>modello Valutazione dei rischi psicosociali (VARP)$emetodologia e strumenti per una gestione sostenibile nelle micro e grandi aziende : dallo stress lavoro-correlato al mobbing$fAntonio Aiello, Patrizia Deitinger, Christian Nardella 210 $aMilano$cFrancoAngeli$d2012 215 $a253 p.$cill.$d23 cm 225 1 $aPsicologia sociale contemporanea$v3 610 0 $aStress da lavoro 676 $a158.72$v22$zita 700 1$aAiello,$bAntonio$f<1964- >$0521747 701 1$aDeitinger,$bPatrizia$0521748 701 1$aNardella,$bChristian$0521749 801 0$aIT$bUNINA$gREICAT$2UNIMARC 901 $aBK 912 $a990009805980403321 952 $aIX F 197 (3)$b50606$fFSPBC 959 $aFSPBC 996 $aModello Valutazione dei rischi psicosociali (VARP$9837409 997 $aUNINA